عرض عادي عرض مارك
  • Microsoft Excel (Computer file)

مدخل عنوان موحد

عدد التسجيلات المستخدمة في: 1

001 - رقم الضبط

  • حقل الضبط: 39870

003 - معرف رقم الضبط

  • حقل الضبط: OSt

005 - تاريخ ووقت أخر عملية

  • حقل الضبط: 20131116104520.0

008 - عناصر بيانات ثابتة الطول

  • حقل تحكم ثابت الطول: 131116|||a|||||| | ||| d

040 ## - مصدر الفهرسة

  • هيئة الفهرسة الأصلية: OSt
  • وكالة الكتابة: OSt

130 ## - مدخل -- اسم مؤتمر

  • العنوان الموحد: Microsoft Excel (Computer file)
  • تفريع شكلي: Handbooks, manuals, etc.

670 ## - بيانات المصدر موجوده

  • الاستشهاد بالمصدر: Work cat.: (OSt)0: Prish, Shahar, 1975- 39868, Professional Excel services /, c2007.